00395nam a22001337a 450000500170000002000210001703500130003803700130005124500920006426000390015630000230019570000240021870000190024220120421165148.0 a416084303c00.00 aA-126605 aDPLbENG aThe good society :bA book of readings /cedited by Anthony Arblaster and Steven Lukes  aLondonbMethuen and Co. Ltd.c1971 axi, 436p.c20 cms. aArblaster, Anthony  aLukes, Steven